Sports Quiz

Random Sports or Basketball Quiz

NBA +50% H-O-F Probability (Active) [Clickable Mines] Quiz Stats

Quiz not verified by Sporcle

Challenge
Share
Tweet
Click this link to see what builds the model of probable future H-O-Fers: http://www.basketball-reference.com/leaders/hof_prob.html
Score 0/19 Timer 02:00
10 Plays Today
% Correct
???
66.7%
???
66.2%
???
65.6%
???
64.8%
???
64.6%
???
63%
???
61.5%
???
61.1%
???
53.9%
???
52.8%
% Correct
???
50.2%
???
48.3%
???
47.9%
???
47.5%
???
37.1%
???
30.4%
???
22.7%
???
13%
???
7%

You're not logged in!

Compare scores with friends on all Sporcle quizzes.
Join for Free
OR
Log In

You Might Also Like...

Show Comments

Extras

Top Quizzes Today


Score Distribution

Your Account Isn't Verified!

In order to create a playlist on Sporcle, you need to verify the email address you used during registration. Go to your Sporcle Settings to finish the process.

Report this User

Report this user for behavior that violates our Community Guidelines.

Details: